Proyecto de Reglamento para los servicios de Grupo de Ejércitos y Ejército. (Record no. 123125)

MARC details
000 -LEADER
campo de control de longitud fija 00680nam a2200169 4500
001 - NÚMERO DE CONTROL
campo de control 123125
003 - IDENTIFICADOR DE NÚMERO DE CONTROL
campo de control ES-MaACL
005 - FECHA Y HORA DE LA ÚLTIMA TRANSACCIÓN
campo de control 20230906192121.0
007 - CAMPO FIJO DE DESCRIPCIÓN FÍSICA--INFORMACIÓN GENERAL
campo de control de longitud fija t|
008 - DATOS DE LONGITUD FIJA--INFORMACIÓN GENERAL
campo de control de longitud fija 070214s1921 sp r ||||0| spa d
245 00 - MENCIÓN DEL TÍTULO
Título Proyecto de Reglamento para los servicios de Grupo de Ejércitos y Ejército.
260 ## - PUBLICACIÓN, DISTRIBUCIÓN, ETC.
Lugar de publicación, distribución, etc. Madrid :
Nombre del editor, distribuidor, etc. [s. n.],
Fecha de publicación, distribución, etc. 1921 (
Fabricante Tall. del Depósito de la Guerra)
300 ## - DESCRIPCIÓN FÍSICA
Extensión 220, 24 p ;
Dimensiones 16 x 11 cm.
505 8# - NOTA DE CONTENIDO CON FORMATO
Nota de contenido con formato Contiene además: Anexo: Memoria sobre las industrias que deben organizarse para los transportes en caso de guerra
740 0# - ENTRADA AGREGADA--TÍTULO RELACIONADO/ANALÍTICO NO CONTROLADO
Título relacionado o analítico no controlado Memoria sobre las industrias que deben organizarse para los transportes en caso de guerra.
852 ## - LOCALIZACIÓN
Ubicación ES-MaACL
Número de control de estantería F-276
Holdings
Estatus retirado Estado de pérdida Estado de daño No para préstamo Biblioteca de origen Biblioteca actual Ubicación en estantería Fecha de adquisición Fuente de adquisición Total de préstamos Signatura topográfica completa Código de barras Visto por última vez Precio de reemplazo Tipo de ítem Koha
        Biblioteca del Ateneo de Madrid Biblioteca del Ateneo de Madrid Depósito 2 17/01/2008     F-276 1128296 23/02/2023 23/02/2023 Libro impreso